000 00318nam a2200121Ia 4500
008 230627s9999 xx 000 0 und d
041 _amar
082 _a345.025 23
_bDAS
100 _aDas P. K.
245 _aFamous Murder Trials
260 _aDelhi
_bUniversal Law Publishing Co. Pvt. Ltd.
_c2007
300 _aXII+429p
999 _c695238
_d695238